Statystyki dla Państwa bez lotnisk

Kliknij tutaj aby rozwiązać quiz!

Ogólne statystyki

  • Ten quiz został rozwiązany 273 razy
  • Średni wynik to 5 z 5

Statystyki odpowiedzi

KontynentPaństwo% Poprawnych
EuropaWatykan
100%
EuropaSan Marino
93%
EuropaAndora
91%
EuropaMonako
91%
EuropaLiechtenstein
90%

Rozkład punktacji

Percentyl według liczby udzielonych odpowiedzi

Procent ludzi z każdym wynikiem

Twoja historia wyników

Nie rozwiązałeś tego quizu